000
00277nam a22001217a 4500
008
181203b xxu||||| |||| 00| 0 eng d
041
_a
eng
080
_a
320
100
_a
19
101
_a
SHP
245
_a
Classics of Public Personel Policy
_c
Thompson,F.J
942
_2
udc
_c
BK
999
_c
52729
_d
52729